01459nam a2200373Ia 4500001001200000003000800012006001900020007001500039008004100054010001700095020001500112020001800127020001800145040002100163035002100184050002600205082001900231100002100250245013100271260005100402300002400453504005100477533015200528650006200680650004200742650003000784650002400814650002800838650003000866655002900896710001700925856012600942999001701068ebr10568904CaPaEBRm u cr cn|||||||||051017s2006 gaua sb s001 0 eng d z 2005030335 z082032812X z9780820328126 z9780820343952 aCaPaEBRcCaPaEBR a(OCoLC)79444934214aPS217.B63bP88 2006eb04a810.9/35612221 aPutzi, Jennifer.10aIdentifying marksh[electronic resource] :brace, gender, and the marked body in nineteenth-century America /cJennifer Putzi. aAthens :bUniversity of Georgia Press,cc2006. axii, 195 p. :bill. aIncludes bibliographical references and index. aElectronic reproduction.bPalo Alto, Calif. :cebrary,d2011.nAvailable via World Wide Web.nAccess may be limited to ebrary affiliated libraries. 0aAmerican literaturey19th centuryxHistory and criticism. 0aBranding (Punishment)zUnited States. 0aHuman body in literature. 0aRace in literature. 0aSex role in literature. 0aTattooingzUnited States. 7aElectronic books.2local2 aebrary, Inc.40uhttp://site.ebrary.com/lib/rucke/Doc?id=10568904zAn electronic book accessible through the World Wide Web; click to view c81810d81810